Vinte contos brasileiros = Veinte cuentos brasileños /

Збережено в:
Бібліографічні деталі
Інші автори: Castagnaro, Anthony (Редактор)
Формат: Невідомо
Мова:Portuguese
Опубліковано: Washington, D.C. : Georgetown University Press, 1980.
Предмети:
Теги: Додати тег
Немає тегів, Будьте першим, хто поставить тег для цього запису!

MARC

LEADER 000000000a22000000004500
001 011489
020 |a 0878400796 
041 0 |a por 
082 0 4 |a 469.86   |b C346v 
700 1 |a Castagnaro, Anthony,   |e editor 
245 0 0 |a Vinte contos brasileiros =   |b Veinte cuentos brasileños /   |c Anthony Castagnaro, editor. 
260 1 |a Washington, D.C. :   |b Georgetown University Press,   |c 1980. 
300 |a 217 páginas 
500 |a Colección George Yúdice 
650 4 |a LITERATURA BRASILEÑA 
650 4 |a LENGUA PORTUGUESA 
650 4 |a LECTORES 
650 4 |a HISTORIAS CORTAS 
650 4 |a CUENTOS 
999 |c 16780  |d 16780 
942 |c BK  |h 469.86 C346v  |2 z